000 00324nam a22001457a 4500
020 _a978-019-8-44-855-6
082 _a823
_bBLA/O
100 _aBLAKE, JOHN
245 _aONE GIRL SCHOOL
260 _aUK
_bOXFORD UNIVERSITY PRESS
_c2014
300 _a110
520 _aENGLISH NOVEL
650 _aENGLISH NOVEL
942 _cBK
999 _c5713
_d5713